| 000 | 00852pam a2200241 a 4500 | ||
|---|---|---|---|
| 001 | 4404 | ||
| 005 | 20240820143817.0 | ||
| 020 | _a9780395506523 | ||
| 040 |
_aDLC _cDLC _dDLC _beng |
||
| 050 | 0 | 0 | _aPZ7.S2744 |
| 082 | 0 | 0 | _a813 |
| 100 | 1 | _aSay, Allen | |
| 245 | 1 | 4 |
_aThe bicycle man / _cby Allen Say |
| 260 |
_aOakland, California : _bParnassus Press ; _aBoston : _bHoughton Mifflin, _c1982. |
||
| 300 |
_a41 unnumbered pages : _bcolor illustrations ; _c23 cm. |
||
| 505 | _aO | ||
| 520 | _aThe amazing tricks two American soldiers do on a borrowed bicycle are a fitting finale for the school sports day festivities in a small village in occupied Japan. | ||
| 521 |
_a600
_bLexile AD |
||
| 521 |
_aO
_bRaz-Plus |
||
| 650 | 1 |
_aBicycles and bicycling _xFiction. |
|
| 906 |
_a7 _bcbc _corignew _d1 _eocip _f19 _gy-gencatlg |
||
| 942 |
_2ddc _cBK _n0 |
||
| 999 |
_c4404 _d4404 |
||